| 000 | 00717cam a22002537a 4500 | ||
|---|---|---|---|
| 001 | 14368295 | ||
| 005 | 20180130075031.0 | ||
| 008 | 060508s2005 caua b 001 0 eng d | ||
| 010 | _a 2006275699 | ||
| 020 | _a1560555017 | ||
| 035 | _a(OCoLC)ocm60813402 | ||
| 040 |
_aNWO _cNWO _dJDR _dDLC |
||
| 041 | _aeng | ||
| 042 | _alccopycat | ||
| 080 | _a617.75 SUT | ||
| 082 | 0 | 0 |
_a617.75 SUT _222 |
| 100 | _a8 | ||
| 101 | _aOFT | ||
| 245 | 0 | 0 | _aClinical optics, 2005-2006. |
| 504 | _aIncludes bibliographical references and index. | ||
| 906 |
_a7 _bcbc _ccopycat _d2 _encip _f20 _gy-gencatlg |
||
| 942 |
_2ddc _cBK |
||
| 999 |
_c41307 _d41307 |
||